000 00517nam a2200181Ia 4500
005 20260415160318.0
008 008 250505s9999 xx 000 0 eng d
037 _aTextual
040 _aFEDL
_beng
_cFEDL
041 _aeng
_2eng
084 _a504 RAN
_qFEDL
100 _aRanshaw G S
245 0 _aBoys book of modern scientific wonders and inventions
260 _aLondon, UK
_bBurke Publishing Co. Ltd
300 _a144p
942 _cTEXL
_h504 RAN
999 _c1321545
_d1321545